Normal view
MARC view
- Muhammad Yousaf Ludhianvi
Entry Personal Name
001 - CONTROL NUMBER
- control field: 125226
003 - CONTROL NUMBER IDENTIFIER
- control field: NUST
005 - DATE AND TIME OF LATEST TRANSACTION
- control field: 20240820095934.0
008 - FIXED-LENGTH DATA ELEMENTS
- fixed length control field: 240820|| aca||aabn | a|a d
040 ## - CATALOGING SOURCE
- Original cataloging agency: NUST
- Transcribing agency: NUST
100 ## - HEADING--PERSONAL NAME
- Personal name: Muhammad Yousaf Ludhianvi
670 ## - SOURCE DATA FOUND
- Source citation: Work cat.: (NUST): Muhammad Yousaf Ludhianvi, Ikhtilaf-E-Ummat aur Sirat-e-mustaqeem, 2002.
